[Event "3rd Al Ain Chess Classic"]
[Site "Al-Ain UAE"]
[Date "2014.12.22"]
[Round "5.49"]
[White "Ali, Abdulaziz"]
[Black "Abdulov, Orkhan"]
[Result "0-1"]
[BlackTitle "IM"]
[WhiteElo "1718"]
[BlackElo "2350"]
[WhiteFideId "9304347"]
[BlackFideId "13402714"]
[EventDate "2014.12.19"]

1. e4 c5 2. Nf3 e6 3. d4 cxd4 4. Nxd4 Nc6 5. Nc3 Nf6 6. Ndb5 d6 7. Bf4 e5 8. Bg5
a6 9. Bxf6 gxf6 10. Na3 b5 11. Nd5 Bg7 12. c3 f5 13. Bd3 Be6 14. Qf3 f4 15. Nc2
Bxd5 16. exd5 Ne7 17. a4 O-O 18. axb5 axb5 19. O-O Qb6 20. Qe2 Rab8 21. Nb4 f5
22. Ra6 Qc5 23. Ra5 Nxd5 24. Na6 Qa7 25. Bxb5 Nc7 26. Qc4+ Rf7 27. Rfa1 Rxb5 28.
Rxb5 Nxb5 29. Qxb5 e4 30. Kf1 Be5 31. Qc6 Kg7 32. Re1 Qb7 33. Nb4 Rc7 34. Qe8
Re7 35. Qh5 Qb5+ 36. Kg1 Bf6 37. g4 e3 38. fxe3 fxe3 39. Qxf5 Qxf5 40. gxf5 e2
41. Nd5 Bh4 42. f6+ Kf7 43. fxe7 Bxe1 44. Nf4 Bxc3 45. Nxe2 Bxb2 46. Kf2 Be5 47.
h3 Kxe7 48. Kf3 Ke6 49. Nc1 Kd5 50. Ke3 Kc4 51. Nd3 Bg7 52. Ne1 Bh6+ 53. Ke2 Kd4
54. Nd3 Ke4 55. Nb4 Be3 56. Nc6 Bc5 57. Ne7 Kf4 58. Kf1 Kf3 59. Nd5 h5 60. h4
Bd4 61. Ne7 Bf2 62. Ng6 Bg3 63. Ne7 Ke4 64. Nc8 d5 65. Ne7 d4 66. Nc6 d3 67. Nb4
d2 68. Ke2 Bxh4 69. Kxd2 Kf3 70. Nd3 Bg3 71. Nc5 h4 72. Ne4 Kxe4 73. Ke2 h3 74.
Kf1 Bh2 75. Kf2 Kf4 76. Kf1 Kf3 77. Ke1 Bf4 78. Kf1 Be3 0-1

[Event "3rd Al Ain Chess Classic"]
[Site "Al-Ain UAE"]
[Date "2014.12.22"]
[Round "5.50"]
[White "Derakhshani, Borna"]
[Black "Galojan, Lilit"]
[Result "0-1"]
[WhiteTitle "CM"]
[BlackTitle "IM"]
[WhiteElo "1979"]
[BlackElo "2275"]
[WhiteFideId "12518450"]
[BlackFideId "13301314"]
[EventDate "2014.12.19"]

1. e4 c5 2. Nf3 e6 3. d4 cxd4 4. Nxd4 Nc6 5. Be3 Nf6 6. Bd3 e5 7. Nb3 d5 8. exd5
Nxd5 9. O-O Be7 10. Qh5 Nf6 11. Qe2 O-O 12. Nc3 Qc7 13. Bg5 Be6 14. Kh1 Nb4 15.
Nb5 Qb8 16. Bxf6 gxf6 17. f4 Nxd3 18. Qxd3 Kh8 19. Nc3 Qd6 20. Qe4 Qc6 21. Qe3
Rg8 22. Rf3 exf4 23. Qe4 Qxe4 24. Nxe4 f5 25. Nc3 Bf6 26. Rxf4 Bxc3 27. bxc3
Rac8 28. Rf3 Bd5 29. Rf2 Rxc3 30. Nd4 f4 31. Nf5 Rg5 32. Nd4 h5 33. Nf3 Bxf3 34.
gxf3 Ra3 35. Rb1 b6 36. Rb4 Rxa2 37. h4 Ra1+ 38. Kh2 Rgg1 39. Rxf4 Rh1+ 40. Kg3
Rhg1+ 41. Rg2 Rxg2+ 42. Kxg2 Kg7 43. Kg3 Ra5 44. Kf2 Rc5 45. c4 Kg6 46. Ke3 Re5+
47. Kf2 f6 48. Rd4 Kf5 49. Rd7 Ra5 50. Ke3 Ra3+ 51. Kf2 Ra5 52. Ke3 Ke5 53. Rb7
Ra3+ 54. Ke2 Kf5 55. Rh7 Kf4 56. Rxh5 f5 57. Rh7 Ra2+ 58. Kd3 Kxf3 59. h5 f4 60.
h6 Rh2 61. Rh8 a5 62. h7 a4 63. Rb8 Rxh7 64. Rxb6 Ra7 65. Rb2 a3 66. Ra2 Kg3 67.
c5 f3 68. Ke3 Re7+ 69. Kd4 f2 70. Rxa3+ Kg4 71. Ra1 Re1 0-1

[Event "3rd Al Ain Chess Classic"]
[Site "Al-Ain UAE"]
[Date "2014.12.22"]
[Round "5.51"]
[White "Rafee, Mohd Hayel"]
[Black "Safranska, Anda"]
[Result "0-1"]
[BlackTitle "WGM"]
[WhiteElo "1931"]
[BlackElo "2267"]
[WhiteFideId "7603126"]
[BlackFideId "11600209"]
[EventDate "2014.12.19"]

1. e4 Nf6 2. e5 Ng8 3. f4 d6 4. Nf3 c5 5. Nc3 Nc6 6. Bb5 Bd7 7. Qe2 e6 8. O-O
Nh6 9. d3 Nf5 10. Qf2 d5 11. g4 Nfd4 12. Bxc6 Nxf3+ 13. Qxf3 Bxc6 14. f5 Qd7 15.
fxe6 fxe6 16. Bg5 h6 17. Bh4 g5 18. Qf6 Rg8 19. Bg3 Qe7 20. a4 a6 21. b3 O-O-O
22. Rae1 Be8 23. Re2 Qd7 24. Be1 Bg7 25. Qf2 Qc7 26. d4 Rf8 27. Qe3 Rxf1+ 28.
Kxf1 cxd4 29. Qxd4 Bg6 30. Bg3 Rf8+ 31. Ke1 Qc6 32. b4 Rf3 33. Kd2 Bf8 34. b5
Qc5 35. Qxc5+ Bxc5 36. bxa6 bxa6 37. Nb1 Kd7 38. Kc1 Rf1+ 39. Re1 Rf8 40. Re2
Kc6 41. Nd2 Bb4 42. Rf2 Ba3+ 43. Kd1 d4 44. Rxf8 Bxf8 45. Nc4 Kc5 46. Nd6 Kd5
47. Kd2 Bg7 48. Nc8 Be4 49. Ne7+ Kc4 50. Ng8 Bf3 51. Nf6 Bc6 52. a5 Bf8 53. Ng8
Bf3 54. Nf6 Bb4+ 55. Kc1 Bxa5 56. h3 Bb4 57. h4 a5 58. hxg5 hxg5 59. Nh7 Bxg4
60. Nxg5 a4 61. Ne4 Be2 62. Nd6+ Kd5 63. Kb2 Bc4 64. Nxc4 Kxc4 65. Bf2 a3+ 66.
Ka2 Bc5 67. Be1 Kd5 68. Bg3 Ke4 69. Kb3 Ke3 70. Bh2 Kd2 71. Bf4+ Kd1 72. Bg3 Kc1
73. Bf2 Kb1 74. c3 a2 75. cxd4 a1=Q 0-1

[Event "3rd Al Ain Chess Classic"]
[Site "Al-Ain UAE"]
[Date "2014.12.22"]
[Round "5.52"]
[White "Ahmed, Fareed"]
[Black "Aliyev, Elnur"]
[Result "1-0"]
[WhiteElo "1911"]
[BlackElo "2141"]
[WhiteFideId "9303677"]
[BlackFideId "13402617"]
[EventDate "2014.12.19"]

1. e4 d5 2. exd5 Qxd5 3. Nf3 Nf6 4. Be2 Bg4 5. d4 Nc6 6. h3 Bh5 7. Nbd2 O-O-O 8.
O-O Bxf3 9. Nxf3 Nxd4 10. Nxd4 Qxd4 11. Qxd4 Rxd4 12. Be3 Rd6 13. Bxa7 b6 14.
Ba6+ Kd7 15. a4 e5 16. a5 Be7 17. Bb7 bxa5 18. Rxa5 Rd2 19. Rc1 Ke6 20. Be3 Rd7
21. f4 Bd6 22. fxe5 Bxe5 23. Re1 Rb8 24. Rxe5+ Kxe5 25. Ba7+ Kf5 26. Bxb8 Rd2
27. Rf1+ Kg6 28. Rf2 Rd1+ 29. Kh2 Rb1 30. c3 Nd7 31. Bxc7 Nc5 32. Bc8 Na4 33.
Rf5 Kh6 34. Rxf7 Rxb2 35. Bf5 Kg5 1-0

[Event "3rd Al Ain Chess Classic"]
[Site "Al-Ain UAE"]
[Date "2014.12.22"]
[Round "5.53"]
[White "Vaishali, R"]
[Black "Suhail, Sokari"]
[Result "0-1"]
[WhiteTitle "WFM"]
[WhiteElo "2134"]
[BlackElo "1912"]
[WhiteFideId "5091756"]
[BlackFideId "7604530"]
[EventDate "2014.12.19"]

1. e4 c5 2. Nf3 d6 3. Bb5+ Nd7 4. O-O a6 5. Bxd7+ Bxd7 6. d4 cxd4 7. Qxd4 e5 8.
Qd3 Rc8 9. Nc3 h6 10. a4 Nf6 11. a5 Be6 12. b3 Be7 13. Ne2 Nd7 14. Ba3 Nc5 15.
Qe3 Qc7 16. c4 O-O 17. Rac1 Rb8 18. b4 Nd7 19. Nc3 Rfc8 20. Nd5 Qd8 21. Qa7 Bf8
22. Rfe1 Rc6 23. b5 axb5 24. cxb5 Rxc1 25. Rxc1 Bxd5 26. exd5 Nf6 27. h3 Nxd5
28. Bb2 Nc7 29. Qb6 Ne6 30. Qa7 Nc5 31. Rxc5 dxc5 32. Bxe5 Qd1+ 33. Kh2 Bd6 34.
Qb6 Bxe5+ 35. Nxe5 Qd8 36. Qxc5 Qxa5 37. Nxf7 Kxf7 38. Qd5+ Ke7 39. Qe5+ Kd7 40.
Qxb8 Qc7+ 41. Qxc7+ Kxc7 42. g4 Kb6 43. f4 Kxb5 44. Kg3 Kc5 45. g5 Kd6 46. Kg4
b5 47. Kf5 b4 48. Ke4 b3 49. Kd3 Ke6 50. Kc3 hxg5 51. fxg5 Kf5 52. h4 Kg4 53.
Kxb3 Kxh4 54. g6 Kg5 55. Kc3 Kxg6 56. Kd3 Kh5 57. Ke3 Kh4 58. Kf2 Kh3 59. Kg1
Kg3 60. Kh1 Kf2 61. Kh2 g5 62. Kh3 Kf3 0-1

[Event "3rd Al Ain Chess Classic"]
[Site "Al-Ain UAE"]
[Date "2014.12.22"]
[Round "5.54"]
[White "Mammadova, Narmin"]
[Black "Ahadzade, Kanan"]
[Result "1-0"]
[WhiteTitle "WCM"]
[WhiteElo "2092"]
[BlackElo "1909"]
[WhiteFideId "13403710"]
[BlackFideId "13405640"]
[EventDate "2014.12.19"]

1. e4 d6 2. d4 g6 3. Bc4 Bg7 4. Nf3 Nd7 5. Bxf7+ Kf8 6. Bb3 h6 7. O-O e5 8. dxe5
dxe5 9. Be3 Bf6 10. Nc3 Ne7 11. Qd2 Kg7 12. Rad1 Qe8 13. Nb5 Nc5 14. Nxc7 Qc6
15. Bxc5 Qxc7 16. Bd6 Qc6 17. Bxe5 Qxe4 18. Rfe1 Qh4 19. g3 1-0

[Event "3rd Al Ain Chess Classic"]
[Site "Al-Ain UAE"]
[Date "2014.12.22"]
[Round "5.55"]
[White "Sultan, Ibrahim"]
[Black "Mayed, AlRashedi"]
[Result "1-0"]
[WhiteTitle "FM"]
[BlackTitle "FM"]
[WhiteElo "2062"]
[BlackElo "1908"]
[WhiteFideId "9301143"]
[BlackFideId "9303871"]
[EventDate "2014.12.19"]

1. d4 Nf6 2. c4 e6 3. Nf3 b6 4. g3 Ba6 5. Qc2 c5 6. Bg2 Bb7 7. d5 exd5 8. cxd5
Nxd5 9. O-O Be7 10. Rd1 Nc6 11. Qa4 Nf6 12. e4 O-O 13. e5 Ne8 14. Nc3 Nc7 15.
Be3 f6 16. Rd2 Qe8 17. Rad1 Rd8 18. Qg4 Bc8 19. Qe4 Nxe5 20. Nxe5 fxe5 21. Qxe5
d6 22. Qe4 Be6 23. Qb7 Qd7 24. Qxa7 Na8 25. Qxd7 Rxd7 26. Nd5 Bxd5 27. Bxd5+ Kh8
28. a3 Nc7 29. Bc6 Rdd8 30. Bf4 Ne6 31. Bxd6 Bxd6 32. Rxd6 Nd4 33. Rxd8 Rxd8 34.
Ba4 Ra8 35. Bd7 Rd8 36. Bg4 g6 37. Re1 h5 38. Bd1 Kg7 39. f4 Kf6 40. Kf2 Nf5 41.
Bf3 Nd4 42. Rd1 Rd6 43. Rd2 Rd8 44. a4 Rd6 45. Be2 Re6 46. Bc4 Rd6 47. Rd3 Rd8
48. Rd2 Rd6 49. h3 Kf5 50. Bd3+ Kf6 51. Be4 Re6 52. Bf3 Rd6 53. Bd1 Ke7 54. Rd3
Kf6 55. Bb3 Rd8 56. Bc4 Kf5 57. Re3 Kf6 58. Re5 Rh8 59. b3 Rd8 60. g4 hxg4 61.
hxg4 Rd7 62. Kg2 Kg7 63. Kg3 Kf6 64. Kf2 Kg7 65. Re8 Kf6 66. Rb8 Rd6 67. Rb7 Ne6
68. g5+ Kf5 69. Rf7+ Ke4 70. Re7 Kf5 71. Rxe6 Rxe6 72. Bxe6+ Kxe6 73. Kf3 Kd5
74. Ke3 Kd6 75. Ke4 Ke6 76. f5+ 1-0

[Event "3rd Al Ain Chess Classic"]
[Site "Al-Ain UAE"]
[Date "2014.12.22"]
[Round "5.56"]
[White "Tagelsir, Abubaker"]
[Black "Al-Zaruoni, Fahad"]
[Result "1-0"]
[WhiteTitle "FM"]
[BlackTitle "CM"]
[WhiteElo "2029"]
[BlackElo "1654"]
[WhiteFideId "12200875"]
[BlackFideId "9300660"]
[EventDate "2014.12.19"]

1. Nf3 d5 2. g3 Nf6 3. Bg2 g6 4. O-O Bg7 5. d3 O-O 6. Nbd2 c6 7. e4 e6 8. e5
Nfd7 9. d4 c5 10. c3 Nc6 11. Nb3 c4 12. Nbd2 b5 13. h4 Nb6 14. Ng5 f6 15. exf6
Qxf6 16. Ndf3 h6 17. Nh3 Bd7 18. Bf4 Qf7 19. Qd2 h5 20. Rae1 Rfe8 21. Nhg5 Qf8
22. Bh3 Qf6 23. Ne5 Nxe5 24. dxe5 Qe7 25. Qc2 Na4 26. Qxg6 Nxb2 27. Re3 d4 28.
Rf3 Bc6 29. Bxe6+ Qxe6 30. Nxe6 Rxe6 31. Qxe6+ 1-0

[Event "3rd Al Ain Chess Classic"]
[Site "Al-Ain UAE"]
[Date "2014.12.22"]
[Round "5.58"]
[White "Harikrishnan, Samyuktha"]
[Black "Feldman, Vladimir"]
[Result "0-1"]
[BlackTitle "IM"]
[WhiteElo "1452"]
[BlackElo "2168"]
[WhiteFideId "25076140"]
[BlackFideId "3201791"]
[EventDate "2014.12.19"]

1. e4 c5 2. Nf3 e6 3. d4 cxd4 4. Nxd4 Nf6 5. Nc3 d6 6. Be2 a6 7. O-O Be7 8. Be3
O-O 9. f4 Qc7 10. Nb3 b5 11. Bf3 Bb7 12. a3 Nc6 13. Qe2 Rac8 14. Qf2 Nd7 15.
Rfd1 Rfd8 16. Rd2 Na5 17. Nxa5 Qxa5 18. b4 Qc7 19. Ne2 Qb8 20. Rad1 Nf6 21. Bb6
Re8 22. Qe3 Nxe4 23. Bxe4 Bxe4 24. Qxe4 Qxb6+ 25. Kh1 d5 26. Qf3 Bf6 27. Qb3 Rc4
28. f5 Bg5 29. Rd4 exf5 30. Rxc4 dxc4 31. Qf3 g6 32. Qg3 Qe3 33. Qxe3 Rxe3 34.
Nd4 Rxa3 35. h3 Bf6 36. Nc6 Ra1 37. Rxa1 Bxa1 38. Nb8 Be5 39. Nxa6 Bd6 40. Kg1
Kf8 41. Kf2 Ke7 42. Ke3 Kd7 43. Kd4 Kc6 44. Nc5 Bxc5+ 45. bxc5 f4 46. h4 f6 47.
c3 h5 48. Ke4 Kxc5 49. Kxf4 b4 50. cxb4+ Kxb4 51. g4 hxg4 52. Kxg4 c3 53. h5
gxh5+ 54. Kxh5 c2 55. Kg6 c1=Q 56. Kxf6 Qe3 0-1

[Event "3rd Al Ain Chess Classic"]
[Site "Al-Ain UAE"]
[Date "2014.12.22"]
[Round "5.59"]
[White "Abdulkarim, Ali"]
[Black "Al- Meghbali, Ahmed"]
[Result "1-0"]
[WhiteElo "1943"]
[BlackElo "1448"]
[WhiteFideId "9301640"]
[BlackFideId "9306943"]
[EventDate "2014.12.19"]

1. c4 e5 2. Nc3 Nf6 3. d3 Nc6 4. Nf3 Be7 5. g3 O-O 6. Bg2 d6 7. O-O Be6 8. Ng5
Nd7 9. Nxe6 fxe6 10. b4 Rb8 11. b5 Nd4 12. Qa4 Nc5 13. Qd1 Bg5 14. Ba3 a6 15.
Bxc5 dxc5 16. a4 a5 17. Ne4 b6 18. g4 Bh4 19. e3 Nf5 20. gxf5 exf5 21. Ng3 Rf6
22. Qe2 Qd7 23. Rad1 Rbf8 24. f4 Rg6 25. fxe5 f4 26. Rxf4 Rxf4 27. exf4 Bxg3 28.
hxg3 Rxg3 29. Kf2 Rg6 30. Qe4 Qg4 31. Qd5+ Kf8 32. Qd8+ Kf7 33. Bd5+ 1-0

[Event "3rd Al Ain Chess Classic"]
[Site "Al-Ain UAE"]
[Date "2014.12.22"]
[Round "5.60"]
[White "Almajbari, Abdalla Ali"]
[Black "Ali, M Alkindi"]
[Result "0-1"]
[WhiteElo "1942"]
[BlackElo "1443"]
[WhiteFideId "9205314"]
[BlackFideId "9312293"]
[EventDate "2014.12.19"]

1. e4 c5 2. Nf3 Nc6 3. d3 g6 4. g3 Bg7 5. Bg2 e6 6. O-O Nge7 7. Nc3 O-O 8. Bd2
f5 9. exf5 Nxf5 10. Re1 b6 11. Bg5 Qc7 12. Bf4 d6 13. Nb5 Qd7 14. c3 a6 15. Na3
d5 16. Nc2 Bb7 17. d4 cxd4 18. cxd4 Rfe8 19. Ne5 Nxe5 20. dxe5 Rac8 21. h3 h6
22. Nd4 Nxd4 23. Qxd4 g5 24. Be3 b5 25. Bf3 Rc4 26. Qd3 d4 27. Bd2 Bxf3 28. Qxf3
Rc2 29. Bc1 Rf8 30. Qe4 Rfxf2 31. Qa8+ Bf8 32. Qxa6 Qd5 0-1

[Event "3rd Al Ain Chess Classic"]
[Site "Al-Ain UAE"]
[Date "2014.12.22"]
[Round "5.61"]
[White "Haitham, Alkindi"]
[Black "Hamdan, Marshool"]
[Result "0-1"]
[WhiteElo "1402"]
[BlackElo "1763"]
[WhiteFideId "9312455"]
[BlackFideId "9303804"]
[EventDate "2014.12.19"]

1. d4 g6 2. Nf3 Bg7 3. g3 Nf6 4. Bg2 O-O 5. O-O d6 6. c4 Nbd7 7. Nc3 e5 8. Bg5
h6 9. Bxf6 Bxf6 10. d5 Nc5 11. e4 a5 12. Re1 Bg7 13. Nb5 f5 14. Nd2 f4 15. Nc3
g5 16. h3 c6 17. Nf3 h5 18. Nh2 Qb6 19. Na4 Nxa4 20. Qxa4 fxg3 21. Rf1 Rxf2 22.
Rxf2 Qxf2+ 23. Kh1 Bxh3 24. Rg1 g4 25. Qd1 gxh2 26. Kxh2 Bh6 27. Qf1 Bf4+ 28.
Kh1 Qg3 29. Qxf4 exf4 30. e5 f3 31. Bxf3 Qxf3+ 32. Kh2 Rf8 33. e6 Qe2+ 34. Kh1
Qe4+ 35. Kh2 Rf2+ 36. Kg3 Qf4+ 37. Kh4 Qf6+ 38. Kg3 h4# 0-1

[Event "3rd Al Ain Chess Classic"]
[Site "Al-Ain UAE"]
[Date "2014.12.22"]
[Round "5.62"]
[White "Abdulla, Ali"]
[Black "ALTaher, Saeed Tarek"]
[Result "1-0"]
[WhiteElo "1747"]
[BlackElo "1437"]
[WhiteFideId "9302336"]
[BlackFideId "9304045"]
[EventDate "2014.12.19"]

1. d4 Nf6 2. c4 e6 3. Nc3 Bb4 4. e3 c5 5. Ne2 O-O 6. a3 Ba5 7. dxc5 Bxc3+ 8.
Nxc3 Qc7 9. b4 a5 10. Bb2 Na6 11. Be2 axb4 12. axb4 b6 13. b5 Qxc5 14. bxa6 Bxa6
15. Qd4 Qf5 16. Bf3 d5 17. O-O Bxc4 18. Rfe1 e5 19. Qd2 Rxa1 20. Rxa1 Rd8 21. e4
Qg6 22. Nxd5 Nxd5 23. exd5 e4 24. Be2 Bxe2 25. Qxe2 h6 26. Qc4 Qf5 27. Qd4 Qg6
28. h3 Rd6 29. Ra3 e3 30. Rxe3 Rf6 31. Rg3 Qb1+ 32. Kh2 1-0

[Event "3rd Al Ain Chess Classic"]
[Site "Al-Ain UAE"]
[Date "2014.12.22"]
[Round "5.63"]
[White "Al Shamisi, Hareb Nasser"]
[Black "Ahmad, Alzarovni"]
[Result "0-1"]
[WhiteElo "1389"]
[BlackElo "1721"]
[WhiteFideId "9308067"]
[BlackFideId "9302301"]
[EventDate "2014.12.19"]

1. e4 d5 2. exd5 Qxd5 3. Nc3 Qd6 4. d4 Nf6 5. g3 Nc6 6. Nge2 Bg4 7. Bg2 O-O-O 8.
Nb5 Qb4+ 9. Nbc3 Nxd4 10. Bd2 Bf3 11. Bh3+ e6 12. Nd5 Qc4 13. Nxf6 Bxe2 14.
Bxe6+ fxe6 15. c3 Nf3# 0-1

[Event "3rd Al Ain Chess Classic"]
[Site "Al-Ain UAE"]
[Date "2014.12.22"]
[Round "5.64"]
[White "Atakishiyev, Elmar"]
[Black "Alnyeyadi, Abdulla"]
[Result "1-0"]
[WhiteElo "1648"]
[BlackElo "1423"]
[WhiteFideId "13410547"]
[BlackFideId "9308393"]
[EventDate "2014.12.19"]

1. e4 c5 2. Nf3 Nc6 3. d4 cxd4 4. Nxd4 g6 5. c4 Bg7 6. Be3 d6 7. Nc3 Nf6 8. Be2
O-O 9. Qd2 Ng4 10. Bxg4 Bxg4 11. O-O Bd7 12. f4 Qb6 13. Ne6 Qb4 14. Nxf8 Rxf8
15. c5 Rc8 16. a3 Qc4 17. Qd5 Qxd5 18. exd5 Na5 19. cxd6 exd6 1-0

[Event "3rd Al Ain Chess Classic"]
[Site "Al-Ain UAE"]
[Date "2014.12.22"]
[Round "5.65"]
[White "Alur Varun"]
[Black "Talibov, Uzeyir"]
[Result "1/2-1/2"]
[WhiteElo "1350"]
[BlackElo "1577"]
[WhiteFideId "46649123"]
[BlackFideId "13414011"]
[EventDate "2014.12.19"]

1. e4 c5 2. Nf3 Nc6 3. d4 cxd4 4. Nxd4 Nf6 5. Nc3 e5 6. Nf3 Bb4 7. Bg5 h6 8. Bd2
Bxc3 9. Bxc3 Nxe4 10. Nxe5 Nxc3 11. Nxc6 Nxd1 12. Nxd8 Nxb2 13. Nxb7 Bxb7 14.
Rb1 O-O 15. Rxb2 Rfe8+ 16. Kd2 Bc6 17. f3 Rab8 18. Rxb8 Rxb8 19. Bc4 Re8 20. Re1
Rxe1 21. Kxe1 Kf8 22. Kd2 Ke7 23. Ke3 f6 24. Kf4 a5 25. a3 d5 26. Bd3 Kf7 27.
Kg4 g6 28. h4 h5+ 29. Kf4 f5 30. c3 Kf6 31. Ba6 Ba8 32. Bc8 Bc6 33. Ba6 Ba8 34.
Bf1 Bc6 35. Bd3 Bd7 36. Bc2 Bb5 37. g3 Bc6 38. Ke3 Ke6 39. Kd4 Kd6 40. f4 a4 41.
Bb1 Bb7 42. Ba2 Bc6 43. c4 dxc4 44. Bxc4 Be8 45. Kc3 Kc5 46. Ba6 Bf7 47. Bc8 Be8
48. Ba6 Bd7 49. Bc4 Be8 1/2-1/2

[Event "3rd Al Ain Chess Classic"]
[Site "Al-Ain UAE"]
[Date "2014.12.22"]
[Round "5.66"]
[White "Ahmed Mohamed Qayed"]
[Black "Khalifah, Khaled"]
[Result "0-1"]
[WhiteElo "1551"]
[BlackElo "1340"]
[WhiteFideId "9314261"]
[BlackFideId "9312552"]
[EventDate "2014.12.19"]

1. e4 c5 2. Nc3 e5 3. d3 Nc6 4. f4 d6 5. Be2 Bd7 6. Bg4 Qh4+ 7. g3 Qxg4 8. Qxg4
Bxg4 9. f5 Nd4 10. Nd5 Rc8 11. Kf2 Nxc2 12. h3 Nxa1 13. Ne3 Bd1 14. Nxd1 Nc2 0-1

[Event "3rd Al Ain Chess Classic"]
[Site "Al-Ain UAE"]
[Date "2014.12.22"]
[Round "5.67"]
[White "Mohamed, Marshool"]
[Black "Orujova, Najiba"]
[Result "1-0"]
[WhiteElo "1518"]
[BlackElo "1332"]
[WhiteFideId "9306552"]
[BlackFideId "13415913"]
[EventDate "2014.12.19"]

1. e4 e6 2. d4 d5 3. exd5 exd5 4. Bd3 Bd6 5. Be3 Nf6 6. h3 h6 7. c3 Be6 8. Nf3
Nbd7 9. Nbd2 c6 10. Qc2 Qc7 11. O-O-O O-O-O 12. b4 a6 13. Nb3 Rhe8 14. Rhe1 Bf4
15. Rd2 Bxe3 16. Rxe3 Nh5 17. Ne5 Nxe5 18. Rxe5 Nf6 19. Nc5 Nd7 20. Nxe6 fxe6
21. Re3 e5 22. dxe5 Rxe5 23. Rde2 Rxe3 24. Rxe3 Qf4 25. Kb1 Qd6 26. Qe2 d4 27.
Re6 Qd5 28. Qe4 Qxe4 29. Bxe4 dxc3 30. Kc2 Nf6 31. Bf5 Kb8 32. Kxc3 Nd5+ 33. Kb3
Nf6 34. Re7 Rd5 35. Bc2 Rd7 36. Rxd7 Nxd7 37. Kc4 Kc7 38. Bf5 Nb6+ 39. Kc5 Nd5
40. a3 Ne7 41. Be4 Nc8 42. g4 Nd6 43. Bd3 Nb5 44. Bxb5 axb5 45. f4 b6+ 46. Kd4
Kd6 47. h4 c5+ 48. bxc5+ bxc5+ 49. Ke4 b4 50. a4 c4 51. Kd4 b3 52. Kc3 Kc5 53.
g5 hxg5 54. fxg5 b2 55. Kxb2 Kb4 56. h5 Kxa4 57. h6 gxh6 58. gxh6 1-0

[Event "3rd Al Ain Chess Classic"]
[Site "Al-Ain UAE"]
[Date "2014.12.22"]
[Round "5.68"]
[White "Singh Gurmeher"]
[Black "Jasmeher, Singh Kathuria"]
[Result "0-1"]
[WhiteElo "1243"]
[BlackElo "1500"]
[WhiteFideId "25089455"]
[BlackFideId "25092120"]
[EventDate "2014.12.19"]

1. e4 c5 2. Nc3 a6 3. a4 e6 4. Bc4 Nc6 5. f4 Qh4+ 6. g3 Qd8 7. Nf3 Nge7 8. Bb3
d5 9. d3 g6 10. O-O Bg7 11. Re1 O-O 12. Bd2 Nd4 13. e5 Nef5 14. Nxd4 Nxd4 15.
Ba2 b5 16. Be3 Qb6 17. b3 Nf5 18. Bf2 b4 19. Ne2 d4 20. g4 Ne7 21. Ng3 Nd5 22.
Ne4 Nxf4 23. Qf3 Nd5 24. Nf6+ Bxf6 25. exf6 Bb7 26. Qh3 Nxf6 27. Bh4 Nd5 28. Re5
f6 29. Ree1 Nf4 30. Qg3 Qc6 31. Kf2 Qg2+ 32. Qxg2 Nxg2 33. Rxe6 Nxh4 34. Re7 Rf7
35. Rxf7 Kxf7 36. Rg1 Re8 37. Rg3 Bf3 38. Rxf3 Nxf3 39. Kxf3 Re1 40. Kf2 Ra1 41.
Kg3 Rxa2 42. h4 Rxc2 43. h5 Rc3 44. hxg6+ hxg6 45. Kf4 Rxb3 46. g5 Rxd3 47. gxf6
Re3 48. a5 b3 49. Kg4 b2 50. Kg5 b1=Q 51. Kh4 c4 52. Kg4 c3 53. Kh4 c2 54. Kg5
c1=Q 55. Kg4 0-1

[Event "3rd Al Ain Chess Classic"]
[Site "Al-Ain UAE"]
[Date "2014.12.22"]
[Round "5.69"]
[White "Mosallam, Mohammad"]
[Black "Sidharth Balaji Sridharan"]
[Result "0-1"]
[WhiteElo "1486"]
[BlackElo "1114"]
[WhiteFideId "9308709"]
[BlackFideId "45002789"]
[EventDate "2014.12.19"]

1. e4 c5 2. d3 g6 3. g3 Nc6 4. Bg2 Bg7 5. f4 d6 6. Nf3 Nf6 7. O-O O-O 8. Nc3 Bd7
9. h3 Rb8 10. g4 b5 11. Be3 b4 12. Ne2 Ne8 13. f5 Bxb2 14. Rb1 Bg7 15. Qd2 Qa5
16. Kh1 Qxa2 17. Bh6 b3 18. Bxg7 Nxg7 19. Ra1 Qxc2 20. Qxc2 bxc2 21. Rac1 Rb2
22. Ra1 Rfb8 23. Nc3 R8b3 24. Na2 Rb1 25. Nd2 Rxf1+ 26. Rxf1 Rxd3 0-1

[Event "3rd Al Ain Chess Classic"]
[Site "Al-Ain UAE"]
[Date "2014.12.22"]
[Round "5.74"]
[White "Alali, Ali"]
[Black "Rashid, Shaeri"]
[Result "1-0"]
[WhiteElo "1230"]
[BlackElo "1377"]
[WhiteFideId "9309063"]
[BlackFideId "9308113"]
[EventDate "2014.12.19"]

1. e4 c5 2. Nf3 d6 3. d4 cxd4 4. Qxd4 Nc6 5. Bb5 Bd7 6. Bxc6 Bxc6 7. Nc3 e5 8.
Qd1 Be7 9. O-O Nf6 10. Re1 O-O 11. h3 Qd7 12. Nh2 b6 13. Qe2 Qb7 14. f3 Rfe8 15.
Bg5 d5 16. Bxf6 Bxf6 17. Rad1 Rad8 18. Ng4 dxe4 19. Nxf6+ gxf6 20. Rxd8 Rxd8 21.
fxe4 Qd7 22. Rd1 Qe7 23. Rxd8+ Qxd8 24. Qg4+ Kh8 25. Qf3 Kg7 26. Nd5 Bxd5 27.
exd5 Qc8 28. Qg4+ Qxg4 29. hxg4 Kf8 30. Kf2 Ke7 31. Ke3 Kd7 32. Ke4 Kd6 33. c4
a6 34. b3 b5 35. cxb5 axb5 36. a4 bxa4 37. bxa4 Kc5 38. a5 Kb5 39. d6 Kc6 40. a6 1-0

[Event "3rd Al Ain Chess Classic"]
[Site "Al-Ain UAE"]
[Date "2014.12.22"]
[Round "5.75"]
[White "Al Ali, Hamad"]
[Black "Khaled Tarek AlTaher"]
[Result "1-0"]
[WhiteElo "1219"]
[BlackElo "1286"]
[WhiteFideId "9310711"]
[BlackFideId "9307575"]
[EventDate "2014.12.19"]

1. e4 e5 2. Nf3 Nc6 3. Nc3 Nf6 4. d4 exd4 5. Nxd4 Bc5 6. Nxc6 bxc6 7. Bd3 h6 8.
O-O O-O 9. e5 Nd5 10. Nxd5 cxd5 11. Bf4 Qh4 12. Bg3 Qb4 13. b3 Bd4 14. Rb1 Qc3
15. Re1 Re8 16. Qf3 d6 17. Qxd5 Bd7 18. h3 dxe5 19. Qxd7 Bc5 20. Bc4 Rf8 21.
Qxc7 Rac8 22. Qxe5 Qxc2 23. Rbc1 Qxa2 24. b4 Bxf2+ 25. Bxf2 Rxc4 26. Rxc4 Qxc4
27. b5 f6 28. Qb2 Rb8 29. Rb1 a6 30. b6 Rb7 31. Qb3 Qxb3 32. Rxb3 Kf7 33. Ra3
Ke8 34. Rxa6 Kd7 35. Ra7 Kc6 36. Rxb7 Kxb7 37. Kh2 g5 38. Kg3 f5 39. h4 Kb8 40.
Kf3 Kb7 41. g4 fxg4+ 42. Kxg4 gxh4 43. Kxh4 Kc6 44. Kh5 Kb7 45. Kxh6 Ka6 46. Kg6
Kb7 47. Kf6 Ka8 48. Ke6 Kb7 49. Kd7 Kb8 50. Kc6 Kc8 51. b7+ Kb8 52. Bg3+ Ka7 53.
b8=Q+ 1-0